Memoria de actividades, 1996-2010 / (Record no. 183864)
[ view plain ]
| 000 -LEADER | |
|---|---|
| campo de control de longitud fija | 01490nam a2200289 i 4500 |
| 001 - NÚMERO DE CONTROL | |
| campo de control | 183864 |
| 003 - IDENTIFICADOR DE NÚMERO DE CONTROL | |
| campo de control | ES-MaACL |
| 005 - FECHA Y HORA DE LA ÚLTIMA TRANSACCIÓN | |
| campo de control | 20231110171615.0 |
| 008 - DATOS DE LONGITUD FIJA--INFORMACIÓN GENERAL | |
| campo de control de longitud fija | 141030s2011 sp abef| | |||| | spa d |
| 020 ## - NÚMERO INTERNACIONAL ESTÁNDAR DEL LIBRO | |
| Número Internacional Estándar del Libro | 978-84-92641-81-9 |
| 080 ## - NÚMERO DE LA CLASIFICACIÓN DECIMAL UNIVERSAL | |
| Número de la Clasificación Decimal Universal | 378.4(460.27 M.).096:72 |
| 110 2# - ENTRADA PRINCIPAL--NOMBRE DE ENTIDAD CORPORATIVA | |
| Nombre de entidad corporativa o nombre de jurisdicción como elemento de entrada | Universidad Politécnica de Madrid. |
| Unidad subordinada | Centro de Investigación de Arquitectura Tradicional. |
| 9 (RLIN) | 155815 |
| 245 10 - MENCIÓN DEL TÍTULO | |
| Título | Memoria de actividades, 1996-2010 / |
| Mención de responsabilidad, etc. | CIAT, Centro de Investigación de Arquitectura Tradicional ; [edición a cargo de Fernando Vela Cossío]. |
| 246 38 - FORMA VARIANTE DEL TITULO | |
| Título propio/Titulo breve | Centro de Investigación de Arquitectura Tradicional |
| Resto del título | : memoria de actividades, 1996-2010 |
| 260 ## - PUBLICACIÓN, DISTRIBUCIÓN, ETC. | |
| Lugar de publicación, distribución, etc. | Madrid : |
| Nombre del editor, distribuidor, etc. | Escuela Técnica Superior de Arquitectura : |
| -- | Mairea Libros, |
| Fecha de publicación, distribución, etc. | D.L. 2011. |
| 300 ## - DESCRIPCIÓN FÍSICA | |
| Extensión | 93 p. : |
| Otras características físicas | il. col. y n., fot., mapas, planos ; |
| Dimensiones | 24 cm. |
| 505 8# - NOTA DE CONTENIDO CON FORMATO | |
| Nota de contenido con formato | Contiene: ; |
| Título | La Villa de Boceguillas (Segovia) - Publicaciones [con reseñas] |
| 610 27 - PUNTO DE ACCESO ADICIONAL DE MATERIA--NOMBRE DE ENTIDAD CORPORATIVA | |
| Nombre de entidad corporativa o nombre de jurisdicción como elemento de entrada | Universidad Politécnica de Madrid. |
| Unidad subordinada | Centro de Investigación de Arquitectura Tradicional. |
| 9 (RLIN) | 155815 |
| 651 #4 - PUNTO DE ACCESO ADICIONAL DE MATERIA--NOMBRE GEOGRÁFICO | |
| Nombre geográfico | Boceguillas- |
| Subdivisión general | Historia. |
| 9 (RLIN) | 155811 |
| 700 1# - ENTRADA AGREGADA--NOMBRE PERSONAL | |
| Nombre de persona | Vela Cossío, Fernando. |
| 9 (RLIN) | 113683 |
| 710 2# - ENTRADA AGREGADA--NOMBRE DE ENTIDAD CORPORATIVA | |
| Nombre de entidad corporativa o nombre de jurisdicción como elemento de entrada | Universidad Politécnica de Madrid. |
| Unidad subordinada | Escuela Técnica Superior de Arquitectura. |
| 9 (RLIN) | 7437 |
| 740 3# - ENTRADA AGREGADA--TÍTULO RELACIONADO/ANALÍTICO NO CONTROLADO | |
| Título relacionado o analítico no controlado | La Villa de Boceguillas (Segovia) |
| 852 ## - LOCALIZACIÓN | |
| Ubicación | ES-MaACL |
| Número de control de estantería | A-13289 |
| itemnumber | 190821 |
| Sublocalización o colección | R.150176 |
| Ubicación en estantería | Depósito 1 |
| Signatura antigua | Olim: N-6289 |
| Donativo/Legado | Donación: Fernando Vela Cossío |
| 903 ## - NOMBRE PERSONAL DE DONANTE | |
| 9 | 113683 |
| a | Vela Cossío, Fernando |
| e | Donante |
| 942 ## - ELEMENTOS DE ENTRADA SECUNDARIOS (KOHA) | |
| Fuente del sistema de clasificación o colocación | Clasificación decimal universal |
| Tipo de ítem Koha | Libro impreso |
| Estatus retirado | Estado de pérdida | Fuente del sistema de clasificación o colocación | Estado de daño | No para préstamo | Biblioteca de origen | Biblioteca actual | Ubicación en estantería | Fecha de adquisición | Fuente de adquisición | Total de préstamos | Signatura topográfica completa | Código de barras | Visto por última vez | Precio de reemplazo | Tipo de ítem Koha |
|---|---|---|---|---|---|---|---|---|---|---|---|---|---|---|---|
| Clasificación decimal universal | Biblioteca del Ateneo de Madrid | Biblioteca del Ateneo de Madrid | Depósito 1 | 30/10/2014 | Donación | A-13289 | 1193327 | 23/02/2023 | 23/02/2023 | Libro impreso |
